Kryptografia v informačnej bezpečnosti

Gespeichert in:
Bibliographische Detailangaben
1. Verfasser: Tomka, Miroslav (Verfasst von)
Weitere Verfasser: Kavacký, Matej (Betreuung Doktorarbeit)
Format: Manuskript Buch
Sprache:Slowakisch
Veröffentlicht: 2018
Schlagworte:
Online-Zugang:http://is.stuba.sk/zp/portal_zp.pl?podrobnosti=137304
Tags: Tag hinzufügen
Keine Tags, Fügen Sie das erste Tag hinzu!

MARC

LEADER 00000ntm a22000003a 4500
001 stuzp68584
003 SK-STU
005 20181108092337.2
007 ta
008 150427s2015----xo-----f-mn---000-0-slo-d
040 |a STU  |b slo 
041 0 |a slo 
044 |a xo 
100 1 |a Tomka, Miroslav  |u 037000  |4 aut  |U FEI Fakulta elektrotechniky a informatiky  |T FEI Ústav multimediálnych informačných a komunikačných technológií  |X 87791  |U E070  |Y 818  |7 87791 
242 0 1 |a Cryptography in Information Security  |y eng 
245 1 0 |a Kryptografia v informačnej bezpečnosti 
260 |c 2018 
300 |a 70 s., príl. 
650 4 |a Kľúč  |2 slo 
650 4 |a php  |2 slo 
650 4 |a kryptografia  |2 slo 
650 4 |a Java  |2 slo 
650 4 |a Hash  |2 slo 
650 4 |a key  |2 eng 
650 4 |a php  |2 eng 
650 4 |a hash  |2 eng 
650 4 |a cryptography  |2 eng 
650 4 |a Java  |2 eng 
700 1 |a Kavacký, Matej  |u 037000  |k Z1  |4 ths  |U FEI Fakulta elektrotechniky a informatiky  |T FEI Ústav multimediálnych informačných a komunikačných technológií  |X 10138  |U E070  |Y 818  |7 A000010138 
856 4 |u http://is.stuba.sk/zp/portal_zp.pl?podrobnosti=137304 
996 |b 284EP11944  |c E*DIPL- 11944  |l EE37  |s P  |a 0  |w stuzp68584_0001